| 000 | 00905nam a2200253 a 4500 | ||
|---|---|---|---|
| 001 | 000008135 | ||
| 005 | 20240229073943.0 | ||
| 008 | 090915s1988 dr a 001 0 eng d | ||
| 040 | _aDO-SdBNP | ||
| 082 |
_a641.874 _bD722d |
||
| 245 | 0 | 0 |
_a267 cócteles con Brugal / _ccompilador José Chez Checo. |
| 246 | 1 | _aDoscientos sesenta y siete cócteles con Brugal. | |
| 260 |
_aSanto Domingo : _bEdiciones Centenario de Brugal, _c1988. |
||
| 300 |
_a172 p. : _bil. ; _c22 cm. |
||
| 500 | _aIncluye índice alfabético de cócteles. | ||
| 504 | _aBibliografía : p. 161-162 | ||
| 590 | _aPerteneció a la biblioteca personal de Juan Isidro Jimenes-Grullón | ||
| 590 | _aInventariado, 2018/ YL | ||
| 650 | 4 |
_aCócteles _92215 |
|
| 650 | 4 |
_aBebidas alcohólicas _922080 |
|
| 700 | 1 | 2 |
_aChez Checo, José, _d1949- _ecomp. _910145 |
| 710 | 2 |
_aBrugal & Co. _922081 |
|
| 910 | _aValidado. Control de calidad MFF | ||
| 999 |
_c7912 _d7912 |
||